[Event "11. Lichtenberger Sommer"]
[Site "Berlin"]
[Date "2012.08.18"]
[Round "1.1"]
[White "Stern, Rene"]
[Black "Barwich, Andreas"]
[Result "1-0"]
[WhiteElo "2529"]
[BlackElo "1945"]
[PlyCount "55"]
[EventDate "2012.??.??"]
[WhiteTeam "SK König Tegel 1949 e.V."]
[BlackTeam "SV Berolina Mitte e.V."]

1. d4 Nf6 2. c4 e6 3. Nc3 Bb4 4. Bd2 O-O 5. Nf3 d5 6. e3 b6 7. Be2 Bb7 8. O-O
Nbd7 9. Nxd5 Nxd5 10. cxd5 Bxd2 11. dxe6 fxe6 12. Nxd2 e5 13. Bf3 Bxf3 14. Nxf3
e4 15. Nd2 Qe7 16. Qc2 Nf6 17. Rac1 Rac8 18. Qb3+ Kh8 19. Rc6 Ng4 20. h3 Rf6
21. Qc2 Rxc6 22. Qxc6 Nf6 23. Rc1 g5 24. Qb7 Rf8 25. Qxc7 Qb4 26. Qe5 Kg8 27.
Rc7 Qxd2 28. Qxg5+ 1-0

[Event "11. Lichtenberger Sommer"]
[Site "Berlin"]
[Date "2012.08.18"]
[Round "1.3"]
[White "Rabiega, Robert"]
[Black "Walter, Günter"]
[Result "1-0"]
[WhiteElo "2505"]
[BlackElo "1983"]
[PlyCount "73"]
[EventDate "2012.??.??"]
[WhiteTeam "SK König Tegel 1949 e.V."]
[BlackTeam "TSG Oberschöneweide e.V."]

1. e4 e5 2. Bc4 Nf6 3. d3 Bb4+ 4. c3 Ba5 5. Nf3 Qe7 6. O-O O-O 7. Re1 c5 8.
Nbd2 d6 9. Nf1 Bd7 10. Bg5 b5 11. Bd5 Nc6 12. Nh4 Rac8 13. Ne3 h6 14. Ng6 hxg5
15. Nxe7+ Nxe7 16. Bb3 g6 17. a4 b4 18. Nc4 Bc7 19. Qd2 Rb8 20. Qxg5 Kg7 21.
Bd1 Nc6 22. f4 Nh7 23. Qh4 exf4 24. Qxf4 Ne5 25. Qg3 Be6 26. Nxe5 dxe5 27. d4
bxc3 28. bxc3 f6 29. d5 Bd7 30. Bg4 Rf7 31. Bxd7 Rxd7 32. Rab1 Rxb1 33. Rxb1
Ng5 34. Qd3 c4 35. Qxc4 Bb6+ 36. Kh1 Nf7 37. a5 1-0

[Event "11. Lichtenberger Sommer"]
[Site "Berlin"]
[Date "2012.08.18"]
[Round "1.4"]
[White "Bandlow, Matthias"]
[Black "Franco Alonso, Alejandro"]
[Result "0-1"]
[WhiteElo "1971"]
[BlackElo "2477"]
[PlyCount "46"]
[EventDate "2012.??.??"]
[WhiteTeam "SC Borussia Friedrichsfelde 1920"]
[BlackTeam "Gros Xake Teldea"]

1. d4 Nf6 2. c4 g6 3. Nf3 Bg7 4. e3 O-O 5. Be2 d6 6. O-O Nbd7 7. Nc3 e5 8. Qc2
Re8 9. b4 a5 10. bxa5 Rxa5 11. Bb2 c6 12. dxe5 dxe5 13. Rfd1 Qc7 14. a4 Nc5 15.
Ba3 Bf5 16. Qb2 Nfe4 17. Nxe4 Nxe4 18. Bb4 Raa8 19. Bd3 Nxf2 20. Qxf2 Bxd3 21.
Ra3 e4 22. Nd2 Be5 23. g3 c5 0-1

[Event "11. Lichtenberger Sommer"]
[Site "Berlin"]
[Date "2012.08.18"]
[Round "1.5"]
[White "Meister, Jakob"]
[Black "Räcke, Norbert"]
[Result "1-0"]
[WhiteElo "2479"]
[BlackElo "1835"]
[PlyCount "81"]
[EventDate "2012.??.??"]
[WhiteTeam "SK Zehlendorf e.V."]
[BlackTeam "Queer-Springer SSV Berlin"]

1. c4 Nf6 2. Nc3 g6 3. b4 Bg7 4. Bb2 O-O 5. e3 a5 6. b5 c6 7. Nf3 d5 8. d4 Nbd7
9. Rc1 Nb6 10. bxc6 bxc6 11. Ne5 Nxc4 12. Nxc4 dxc4 13. Bxc4 Qd6 14. Qa4 Nd5
15. Ba3 Nxc3 16. Rxc3 Qd7 17. O-O Rd8 18. Re1 e5 19. dxe5 Bxe5 20. Rd3 Qc7 21.
Rxd8+ Qxd8 22. Qxc6 Rb8 23. Qd5 Be6 24. Qxd8+ Rxd8 25. Bxe6 fxe6 26. f4 Bf6 27.
Rc1 Rd3 28. Bc5 a4 29. Kf2 e5 30. fxe5 Bxe5 31. h3 Kf7 32. Ke2 Rd7 33. Ba3 h5
34. Rc4 Ra7 35. Kf3 Ke6 36. Rc6+ Kf7 37. Ke4 Ra5 38. Bc5 Bg3 39. Bd4 g5 40.
Rf6+ Ke7 41. Rf5 1-0

[Event "11. Lichtenberger Sommer"]
[Site "Berlin"]
[Date "2012.08.18"]
[Round "1.6"]
[White "Junge, Wolfgang"]
[Black "Kalinitschew, Sergey"]
[Result "0-1"]
[WhiteElo "1799"]
[BlackElo "2458"]
[PlyCount "40"]
[EventDate "2012.??.??"]
[WhiteTeam "SC Friesen Lichtenberg e.V."]
[BlackTeam "SC Kreuzberg e.V."]

1. d4 e6 2. c4 Bb4+ 3. Nc3 f5 4. Nf3 Nf6 5. a3 Bxc3+ 6. bxc3 O-O 7. e3 b6 8. g3
Ba6 9. Qb3 Nc6 10. a4 Ne4 11. d5 Na5 12. Qb4 c5 13. dxc6 dxc6 14. Ba3 c5 15.
Qb2 Qf6 16. Rc1 Rad8 17. Be2 Nxc4 18. Qb3 Ncd2 19. Nxd2 Bxe2 20. Nxe4 fxe4 0-1

[Event "11. Lichtenberger Sommer"]
[Site "Berlin"]
[Date "2012.08.18"]
[Round "1.7"]
[White "Paulsen, Dirk"]
[Black "Jachym, Adam"]
[Result "0-1"]
[WhiteElo "2374"]
[BlackElo "1881"]
[PlyCount "108"]
[EventDate "2012.??.??"]
[WhiteTeam "SG Lasker Steglitz-Wilmersdorf"]
[BlackTeam "Spolem Opole"]

1. d4 d5 2. c4 c6 3. Nf3 Nf6 4. e3 Bf5 5. Nc3 a6 6. a4 e6 7. Qb3 Ra7 8. Nh4 Bg6
9. h3 c5 10. Nxg6 hxg6 11. Be2 Nc6 12. cxd5 exd5 13. Bf3 c4 14. Qd1 b5 15. axb5
axb5 16. Bd2 Rb7 17. b3 Bb4 18. bxc4 Bxc3 19. Bxc3 bxc4 20. Ra6 Rb6 21. Qa1 O-O
22. O-O Qb8 23. Rxb6 Qxb6 24. Rb1 Qc7 25. Qa6 Qc8 26. Qa4 Qa8 27. Qc2 Qa7 28.
Rb5 Rd8 29. h4 Ne7 30. g3 Nf5 31. Rc5 Qd7 32. Qa2 Qd6 33. Kg2 Rb8 34. Qa5 Rd8
35. Bb4 Qd7 36. Rc7 Qe8 37. Kh3 Ra8 38. Ra7 Rxa7 39. Qxa7 Qc8 40. Kg2 Kh7 41.
Qxf7 c3 42. Qf8 Qc4 43. Qc5 Nxe3+ 44. fxe3 Qa2+ 45. Kh3 Qf2 46. Qxc3 Qxf3 47.
Qe1 Ne4 48. Kh2 Kh6 49. Ba5 g5 50. hxg5+ Nxg5 51. Bc7 Qh5+ 52. Kg2 Qh3+ 53. Kf2
Qh2+ 54. Kf1 Ne4 0-1

[Event "11. Lichtenberger Sommer"]
[Site "Berlin"]
[Date "2012.08.18"]
[Round "1.8"]
[White "Ziems, Michael"]
[Black "Wendt, Jan-Dietrich"]
[Result "0-1"]
[WhiteElo "1836"]
[BlackElo "2357"]
[PlyCount "64"]
[EventDate "2012.??.??"]
[WhiteTeam "SV Empor Berlin e.V."]
[BlackTeam "Sfrd. Berlin 1903 e.V."]

1. e4 c5 2. Nf3 e6 3. d4 cxd4 4. Nxd4 Nc6 5. Nc3 Nf6 6. Bg5 Bb4 7. Ndb5 O-O 8.
a3 Be7 9. Nd6 Qa5 10. Bd2 Bxd6 11. Nb5 Qa4 12. Nxd6 Nxe4 13. Bb5 Qd4 14. Nxe4
Qxe4+ 15. Kf1 d5 16. Bd3 Qh4 17. Qc1 e5 18. Bg5 Qh5 19. h3 f5 20. Be2 Qf7 21.
Qd2 Be6 22. Re1 Rae8 23. Bb5 d4 24. b3 Bd5 25. f4 h6 26. Bh4 exf4 27. Rxe8 Rxe8
28. Qxf4 g5 29. Bxg5 hxg5 30. Qxg5+ Qg7 31. h4 Re3 32. c4 dxc3 0-1

[Event "11. Lichtenberger Sommer"]
[Site "Berlin"]
[Date "2012.08.18"]
[Round "1.10"]
[White "Sauermann, Andreas"]
[Black "Bruchmann, Stephan"]
[Result "0-1"]
[WhiteElo "1933"]
[BlackElo "2315"]
[PlyCount "46"]
[EventDate "2012.??.??"]
[WhiteTeam "Schachclub Nira Berlin"]
[BlackTeam "SC Rotation Pankow e.V."]

1. e4 c6 2. Nf3 g6 3. d4 Bg7 4. Nc3 d5 5. exd5 cxd5 6. Be3 Bg4 7. h3 Bxf3 8.
Qxf3 e6 9. Bd3 Nc6 10. O-O Nxd4 11. Bxd4 Bxd4 12. Bb5+ Kf8 13. Rad1 Qf6 14. Qg3
Be5 15. f4 Bd4+ 16. Kh1 Ne7 17. Ne2 Nf5 18. Qd3 Bb6 19. Rf3 h5 20. g3 Qxb2 21.
Nc3 Rc8 22. Rb1 Qa3 23. Rb3 Qc1+ 0-1

[Event "11. Lichtenberger Sommer"]
[Site "Berlin"]
[Date "2012.08.18"]
[Round "1.12"]
[White "Körner, Helmut"]
[Black "Brüdigam, Martin"]
[Result "0-1"]
[WhiteElo "1936"]
[BlackElo "2292"]
[PlyCount "76"]
[EventDate "2012.??.??"]
[WhiteTeam "Sfr.Nord-Ost Berlin"]
[BlackTeam "USV Potsdam e.V., Abt. Schach"]

1. b4 Nf6 2. Bb2 d5 3. e3 Bf5 4. Nf3 Nbd7 5. c4 e6 6. a3 c6 7. Nc3 Bd6 8. Be2
O-O 9. d3 e5 10. cxd5 cxd5 11. e4 Be6 12. Ng5 a5 13. Nxe6 fxe6 14. Qb3 axb4 15.
axb4 Rxa1+ 16. Bxa1 Qb6 17. O-O Qxb4 18. Qa2 Qc5 19. exd5 exd5 20. Bf3 Nb6 21.
Qa7 Qc6 22. Qa2 Kh8 23. Qb1 Bc5 24. Re1 Bd4 25. Nd1 Bxa1 26. Qxa1 e4 27. dxe4
dxe4 28. Be2 Nbd5 29. Qb1 b6 30. h3 Qc5 31. Qb3 Ra8 32. Qg3 h6 33. Bf1 Ra1 34.
Kh1 Nc3 35. Qb8+ Kh7 36. Qd8 Nxd1 37. Rxd1 Rxd1 38. Qxd1 Qxf2 0-1

[Event "11. Lichtenberger Sommer"]
[Site "Berlin"]
[Date "2012.08.18"]
[Round "1.13"]
[White "Dauth, Benjamin"]
[Black "Grassi, Fabrizio"]
[Result "1-0"]
[WhiteElo "2322"]
[BlackElo "1933"]
[PlyCount "59"]
[EventDate "2012.??.??"]
[WhiteTeam "SC Rotation Pankow e.V."]
[BlackTeam "SV Berlin-Friedrichstadt"]

1. e4 d5 2. exd5 Nf6 3. d4 Nxd5 4. c3 Bf5 5. Ne2 e6 6. Ng3 Bg6 7. Nd2 c5 8. Nf3
Nc6 9. Bb5 Qc7 10. O-O Bd6 11. c4 Nb6 12. d5 exd5 13. cxd5 O-O-O 14. dxc6 Bxg3
15. cxb7+ Kxb7 16. Qb3 Bd6 17. a4 a5 18. Bd2 Ra8 19. Rac1 Be4 20. Rfe1 Bd5 21.
Bc4 Bc6 22. Nd4 Bxa4 23. Qf3+ Kb8 24. Bb5 Qb7 25. Nc6+ Kc8 26. Qf5+ Qd7 27.
Ne7+ Bxe7 28. Bxd7+ Bxd7 29. Qxf7 Bd6 30. Be3 1-0

[Event "11. Lichtenberger Sommer"]
[Site "Berlin"]
[Date "2012.08.18"]
[Round "1.14"]
[White "Getzuhn, Detlef"]
[Black "Petersen, Soren Boeck"]
[Result "1-0"]
[WhiteElo "1904"]
[BlackElo "2279"]
[PlyCount "105"]
[EventDate "2012.??.??"]
[WhiteTeam "SV Senat e.V."]
[BlackTeam "Damhus Skakklub"]

1. e4 e6 2. d4 d5 3. Nd2 Nf6 4. e5 Nfd7 5. Bd3 c5 6. c3 Nc6 7. Ne2 cxd4 8. cxd4
f6 9. exf6 Nxf6 10. f4 Bd6 11. g3 O-O 12. O-O Bd7 13. Nf3 Be8 14. a3 Bh5 15. b4
Qb6 16. Kg2 Kh8 17. Bb2 a5 18. b5 Ne7 19. Qb1 Nf5 20. Bc1 Rac8 21. h3 Bxf3+ 22.
Rxf3 Ne4 23. Bxe4 dxe4 24. Qxe4 Qxb5 25. Rb1 Qd5 26. Qxd5 exd5 27. Rxb7 Rfe8
28. Rf2 Nxd4 29. Nxd4 Rxc1 30. Nf5 Bc5 31. Rd2 g6 32. Nh6 d4 33. Ng4 Rc3 34.
Nf6 Re7 35. Rb8+ Kg7 36. Nd5 Ree3 37. Nxe3 dxe3 38. Rb7+ Kf6 39. Re2 h5 40. Kf3
Rxa3 41. g4 hxg4+ 42. hxg4 Ra1 43. Rc2 Rf1+ 44. Ke4 Be7 45. Rc6+ Kf7 46. Kxe3
a4 47. Ra6 g5 48. Rxa4 Ke6 49. f5+ Kf7 50. Ke2 Rc1 51. Raa7 Kf6 52. Ra6+ Kf7
53. f6 1-0

[Event "11. Lichtenberger Sommer"]
[Site "Berlin"]
[Date "2012.08.18"]
[Round "1.15"]
[White "Glantz, Robert"]
[Black "Bandlow, Reinhard"]
[Result "*"]
[WhiteElo "2282"]
[BlackElo "1983"]
[PlyCount "41"]
[EventDate "2012.??.??"]
[WhiteTeam "SC Kreuzberg e.V."]
[BlackTeam "SV Bau-Union e.V."]

1. e4 c6 2. d4 d5 3. f3 e6 4. Nc3 a6 5. Bf4 c5 6. exd5 cxd4 7. Qxd4 Nc6 8. Qe3
Nb4 9. O-O-O Qa5 10. a3 Bc5 11. Qe1 Ne7 12. axb4 Bxb4 13. Kb1 Bd7 14. Bd2 Rc8
15. Na2 Ba4 16. Nxb4 Nxd5 17. Bd3 Qc5 18. Rc1 O-O 19. Nxd5 exd5 20. Qh4 g6 21.
Qxa4 *

[Event "11. Lichtenberger Sommer"]
[Site "Berlin"]
[Date "2012.08.18"]
[Round "1.16"]
[White "Lang, Martin"]
[Black "Lauridsen, Jesper Morch"]
[Result "1/2-1/2"]
[WhiteElo "1909"]
[BlackElo "2249"]
[PlyCount "54"]
[EventDate "2012.??.??"]
[WhiteTeam "SC Zugzwang 95 e.V."]
[BlackTeam "Sydostfyn"]

1. e4 c5 2. Nf3 g6 3. Bc4 Bg7 4. O-O Nc6 5. c3 e6 6. d3 Nge7 7. Bg5 O-O 8. Nbd2
Qc7 9. Rc1 d5 10. Bb3 b6 11. d4 f6 12. Be3 c4 13. Bc2 f5 14. exd5 exd5 15. Bg5
Kh8 16. Re1 Ng8 17. g3 f4 18. Nh4 fxg3 19. hxg3 Qf7 20. Qf3 Qxf3 21. Ndxf3 Bg4
22. Nh2 Bd7 23. Kg2 Rf7 24. f4 Nge7 25. N2f3 Bg4 26. Ne5 Nxe5 27. dxe5 Nc6
1/2-1/2

[Event "11. Lichtenberger Sommer"]
[Site "Berlin"]
[Date "2012.08.18"]
[Round "1.18"]
[White "Schubert, Joachim"]
[Black "Siebarth, Raiko"]
[Result "0-1"]
[WhiteElo "1771"]
[BlackElo "2240"]
[PlyCount "66"]
[EventDate "2012.??.??"]
[WhiteTeam "SC Friesen Lichtenberg e.V."]
[BlackTeam "SG Blau-Weiß Stadtilm"]

1. e4 c5 2. Nf3 d6 3. d4 cxd4 4. Nxd4 Nf6 5. Nc3 a6 6. a4 e5 7. Nb3 b6 8. Bc4
Be6 9. Bd5 Nxd5 10. Nxd5 Nd7 11. Be3 Rc8 12. Qd3 Bxd5 13. exd5 a5 14. O-O Be7
15. f4 O-O 16. f5 Bg5 17. Bf2 Nf6 18. h4 Bh6 19. c3 e4 20. Qe2 Re8 21. Rad1 e3
22. Be1 Re4 23. Rd4 Qe8 24. g4 Nxg4 25. Bg3 Nf6 26. Bxd6 Rxd4 27. Nxd4 Nxd5 28.
Qg4 Nf6 29. Qe2 Qe4 30. Qh2 e2 31. Qxe2 Be3+ 32. Kh2 Bxd4 33. Qxe4 Nxe4 0-1

[Event "11. Lichtenberger Sommer"]
[Site "Berlin"]
[Date "2012.08.18"]
[Round "1.19"]
[White "Vogel, Robert"]
[Black "Baatz, Karl-Heinz"]
[Result "1-0"]
[WhiteElo "2258"]
[BlackElo "1807"]
[PlyCount "87"]
[EventDate "2012.??.??"]
[WhiteTeam "SGem Pang/Rosenheim"]
[BlackTeam "SF Friedrichshagen"]

1. d4 d5 2. c4 e6 3. Nc3 f5 4. Nf3 Nf6 5. Bf4 c6 6. e3 Be7 7. Bd3 O-O 8. O-O a5
9. Rc1 Ne4 10. Bxe4 fxe4 11. Ne5 Nd7 12. f3 exf3 13. Rxf3 Bf6 14. Qe2 Nxe5 15.
dxe5 Bg5 16. Rd1 Qe7 17. Bxg5 Qxg5 18. Rxf8+ Kxf8 19. Qf3+ Kg8 20. e4 dxc4 21.
Na4 b5 22. Nc5 h6 23. Qg3 Qxg3 24. hxg3 b4 25. Kf2 Rb8 26. Ke3 Rb5 27. Kd4 c3
28. bxc3 bxc3 29. a4 Rb6 30. Kxc3 Kf7 31. Rd8 Ba6 32. Ra8 Bf1 33. Rxa5 Bxg2 34.
Ra7+ Kg6 35. a5 Rb5 36. Nxe6 Rxe5 37. Nf4+ Kf6 38. Nxg2 Rxe4 39. a6 Ra4 40. Kb3
Ra1 41. Ne3 h5 42. Nc4 Rg1 43. Ra8 Rxg3+ 44. Kb4 1-0

[Event "11. Lichtenberger Sommer"]
[Site "Berlin"]
[Date "2012.08.18"]
[Round "1.20"]
[White "Albinus, Günter"]
[Black "Kurz, Christian"]
[Result "0-1"]
[WhiteElo "1819"]
[BlackElo "2200"]
[PlyCount "158"]
[EventDate "2012.??.??"]
[WhiteTeam "SG Weißensee 49 e.V."]
[BlackTeam "SC Bechhofen 1923 e.V."]

1. Nf3 Nf6 2. b3 g6 3. Bb2 Bg7 4. e3 d6 5. d4 O-O 6. Be2 Nbd7 7. O-O c6 8. Nbd2
Qc7 9. c4 e5 10. Qc2 Re8 11. dxe5 dxe5 12. Rfd1 Nc5 13. e4 Nh5 14. Ne1 Nf4 15.
Bf1 a5 16. a3 Qe7 17. Bc3 Qg5 18. Ndf3 Qh5 19. b4 axb4 20. axb4 Rxa1 21. Rxa1
Nce6 22. g3 Nh3+ 23. Bxh3 Qxh3 24. Nxe5 Bxe5 25. Bxe5 Ng5 26. f4 h5 27. fxg5
Rxe5 28. Nf3 Re8 29. Re1 Qg4 30. Qe2 Be6 31. Kf2 Ra8 32. Rd1 Ra3 33. Rd4 b5 34.
Rd8+ Kh7 35. h3 Rxf3+ 36. Qxf3 Qxg5 37. Qd3 Qf6+ 38. Kg2 Bxc4 39. Qd1 h4 40.
Rd6 Qe5 41. gxh4 Qxe4+ 42. Qf3 Qe5 43. Qxc6 Qe2+ 44. Kg3 Qe1+ 45. Kg4 Be2+ 46.
Kg5 Qg3+ 47. Kf6 Qf4+ 48. Ke7 Bc4 49. Rf6 Qxh4 50. Kf8 Qh6+ 51. Ke8 Qe3+ 52.
Kf8 Qd3 53. Qd6 Qxh3 54. Rxf7+ Bxf7 55. Kxf7 Qf5+ 56. Ke7 g5 57. Qh2+ Kg6 58.
Qd6+ Kh5 59. Qh2+ Kg4 60. Qg2+ Kf4 61. Qf2+ Ke4 62. Qc2+ Ke5 63. Qc5+ Kf4 64.
Qf2+ Kg4 65. Qe2+ Kh3 66. Qe3+ Kh4 67. Qe1+ Kh5 68. Qh1+ Kg6 69. Qc6+ Kg7 70.
Qc3+ Kh7 71. Qe1 g4 72. Qh1+ Kg6 73. Qc6+ Kg5 74. Qc1+ Kg6 75. Qc6+ Kg7 76.
Qc3+ Kg8 77. Qb3+ Kh7 78. Qc3 Qg5+ 79. Ke6 g3 0-1

[Event "11. Lichtenberger Sommer"]
[Site "Berlin"]
[Date "2012.08.18"]
[Round "1.21"]
[White "Rietze, Clemens"]
[Black "Müller, Thomas"]
[Result "1-0"]
[WhiteElo "2280"]
[BlackElo "1767"]
[PlyCount "57"]
[EventDate "2012.??.??"]
[WhiteTeam "USV Potsdam e.V., Abt. Schach"]
[BlackTeam "SV Schewe Torm/Derendorf 1928/30"]

1. e4 Nf6 2. e5 Nd5 3. d4 d6 4. Nf3 dxe5 5. Nxe5 c6 6. c4 Nb6 7. Nc3 N8d7 8.
Nf3 g6 9. Bf4 Bg7 10. Bd3 O-O 11. O-O Re8 12. Re1 Nf6 13. h3 Be6 14. Qb3 Qc8
15. a4 Bxh3 16. gxh3 Qxh3 17. Bg3 Nh5 18. Ne4 Nxg3 19. Nxg3 Qg4 20. Kg2 Qd7 21.
Rad1 Rad8 22. Be4 f5 23. c5+ Nd5 24. Bxd5+ cxd5 25. Qe3 Qxa4 26. Qe6+ Kh8 27.
Rh1 Bf6 28. Rxh7+ Kxh7 29. Qf7+ 1-0

[Event "11. Lichtenberger Sommer"]
[Site "Berlin"]
[Date "2012.08.18"]
[Round "1.22"]
[White "Schindler, Rudolf"]
[Black "Schneider, Christian"]
[Result "0-1"]
[WhiteElo "1767"]
[BlackElo "2234"]
[PlyCount "68"]
[EventDate "2012.??.??"]
[WhiteTeam "SG Lasker Steglitz-Wilmersdorf"]
[BlackTeam "SG Blau-Weiß Stadtilm"]

1. Nf3 Nf6 2. g3 d5 3. d3 Nbd7 4. Nbd2 e5 5. Bg2 Bc5 6. d4 exd4 7. Nb3 Bb4+ 8.
Bd2 Bxd2+ 9. Qxd2 c5 10. Qg5 O-O 11. Nfd2 Re8 12. O-O h6 13. Qh4 Qb6 14. c4 Ne5
15. g4 Nxc4 16. Nxc4 dxc4 17. Nd2 Qxb2 18. Nxc4 Qxe2 19. Nd6 Rf8 20. h3 Qe5 21.
Qg3 Qxg3 22. fxg3 Rd8 23. Nc4 Be6 24. Rac1 Bd5 25. Bxd5 Nxd5 26. Rf3 Nc3 27.
Rc2 b5 28. Ne5 f6 29. Ng6 b4 30. Ne7+ Kh7 31. h4 d3 32. Rd2 c4 33. Nc6 Ne4 34.
Rd1 c3 0-1

[Event "11. Lichtenberger Sommer"]
[Site "Berlin"]
[Date "2012.08.18"]
[Round "1.23"]
[White "Giemsa, Stephan"]
[Black "Bergmann, Jens"]
[Result "1-0"]
[WhiteElo "2261"]
[BlackElo "1946"]
[PlyCount "69"]
[EventDate "2012.??.??"]
[WhiteTeam "SK König Tegel 1949 e.V."]
[BlackTeam "SK Tempelhof 1931 e.V."]

1. d4 Nf6 2. c4 g6 3. Nc3 d5 4. cxd5 Nxd5 5. Bg5 Bg7 6. Rc1 h6 7. Bh4 g5 8. Bg3
c6 9. e3 Nxc3 10. bxc3 Qa5 11. Bc4 O-O 12. Qh5 Bf5 13. h4 g4 14. e4 Qa3 15. Bf4
Bxe4 16. Qxg4 Kh8 17. Ne2 f5 18. Qh5 Kh7 19. Bf7 Nd7 20. Bg6+ Kg8 21. Bxh6 Nf6
22. Qg5 Bxh6 23. Qxh6 Bd3 24. Bxf5 Bxf5 25. Qg5+ Kh8 26. Qxf5 Qxa2 27. Nf4 Rf7
28. O-O Nh7 29. Qe5+ Nf6 30. Ng6+ Kh7 31. Nxe7 Qa3 32. Qf5+ Kh8 33. Ng6+ Kg7
34. Ne5 Kf8 35. Qe6 1-0

[Event "11. Lichtenberger Sommer"]
[Site "Berlin"]
[Date "2012.08.18"]
[Round "1.24"]
[White "Hübner, Alan-Ari"]
[Black "Kapp, Martin"]
[Result "0-1"]
[WhiteElo "1728"]
[BlackElo "2215"]
[PlyCount "66"]
[EventDate "2012.??.??"]
[WhiteTeam "TuS Makkabi Berlin e.V."]
[BlackTeam "TSV IFA Chemnitz"]

1. d4 d5 2. c4 e6 3. Nc3 Nf6 4. cxd5 exd5 5. Bg5 Nbd7 6. e3 c6 7. Bd3 Be7 8.
Qc2 O-O 9. Nf3 h6 10. Bh4 Re8 11. O-O g5 12. Bg3 Nh5 13. Rab1 Nxg3 14. hxg3 Nf6
15. b4 Be6 16. b5 c5 17. dxc5 Bxc5 18. Rfd1 Rc8 19. Qd2 Qe7 20. Na4 Ba3 21. Nd4
Ne4 22. Qa5 Bd7 23. Rb3 Bd6 24. Bxe4 dxe4 25. Nc3 Bc5 26. Rb2 Bb6 27. Nd5 Bxa5
28. Nxe7+ Rxe7 29. Nb3 Bg4 30. Rd6 Bc3 31. Rb1 Rd7 32. Rxd7 Bxd7 33. a4 Be6 0-1

[Event "11. Lichtenberger Sommer"]
[Site "Berlin"]
[Date "2012.08.18"]
[Round "1.26"]
[White "Rehder, Frank"]
[Black "Lorenz, Sascha"]
[Result "0-1"]
[WhiteElo "1879"]
[BlackElo "2258"]
[PlyCount "56"]
[EventDate "2012.??.??"]
[WhiteTeam "SC Zugzwang 95 e.V."]
[BlackTeam "SK König Tegel 1949 e.V."]

1. d4 g6 2. c4 Bg7 3. Nc3 c5 4. Nf3 cxd4 5. Nxd4 Nc6 6. e3 Nf6 7. Be2 O-O 8.
O-O Nxd4 9. exd4 d5 10. b3 Be6 11. c5 Nd7 12. Bb2 Nb8 13. Bf3 Nc6 14. Ne2 b6
15. Qd2 f6 16. b4 bxc5 17. bxc5 Bf7 18. Rfd1 Qd7 19. Ng3 Rab8 20. Bc3 Rfd8 21.
Rac1 Qe8 22. Rb1 Rd7 23. Rb3 Rxb3 24. axb3 Rb7 25. Rb1 Qb8 26. Bd1 e5 27. dxe5
fxe5 28. Bf3 Rxb3 0-1

[Event "11. Lichtenberger Sommer"]
[Site "Berlin"]
[Date "2012.08.18"]
[Round "1.27"]
[White "Kohler, Thomas"]
[Black "Schmalzried, Volker"]
[Result "1-0"]
[WhiteElo "2249"]
[BlackElo "1858"]
[PlyCount "61"]
[EventDate "2012.??.??"]
[WhiteTeam "SC Zitadelle Spandau 1977 e.V."]
[BlackTeam "Umweltbundesamt"]

1. Nf3 c5 2. c4 Nc6 3. g3 g6 4. Bg2 Bg7 5. Nc3 Nf6 6. d4 cxd4 7. Nxd4 O-O 8.
O-O Nxd4 9. Qxd4 d6 10. Qd3 Rb8 11. Be3 a6 12. Ba7 Ra8 13. Bd4 e5 14. Be3 Bf5
15. Qd2 Qc7 16. b3 Rab8 17. Rfd1 Rfd8 18. Rac1 Ng4 19. Nd5 Qd7 20. Ba7 b5 21.
Bxb8 Rxb8 22. cxb5 axb5 23. h3 Nf6 24. Rc7 Qd8 25. Nxf6+ Qxf6 26. Qxd6 Qxd6 27.
Rxd6 e4 28. Rd1 e3 29. f4 g5 30. g4 Be6 31. f5 1-0

[Event "11. Lichtenberger Sommer"]
[Site "Berlin"]
[Date "2012.08.18"]
[Round "1.28"]
[White "Bollenbach, Horst"]
[Black "Schulz, Michael"]
[Result "0-1"]
[WhiteElo "1742"]
[BlackElo "2239"]
[PlyCount "94"]
[EventDate "2012.??.??"]
[WhiteTeam "SC Friesen Lichtenberg e.V."]
[BlackTeam "SC Empor Potsdam 1952 e.V."]

1. e4 g6 2. d4 Bg7 3. Nf3 c6 4. Nc3 d5 5. exd5 cxd5 6. Bf4 Bg4 7. Nb5 Na6 8. c3
Nf6 9. Be2 O-O 10. O-O Nh5 11. Qd2 Nxf4 12. Qxf4 Bxf3 13. Bxf3 e6 14. a4 Qd7
15. h4 h5 16. Rae1 Nb8 17. g4 a6 18. Na3 hxg4 19. Qxg4 Nc6 20. h5 Ne7 21. Kg2
gxh5 22. Qxh5 Ng6 23. Qg4 Qxa4 24. Rh1 Qc6 25. c4 Qd6 26. cxd5 exd5 27. Nc2
Rfd8 28. Kf1 Rac8 29. Ne3 Qf4 30. Qh5 Qxd4 31. Nf5 Qxb2 32. Ne7+ Nxe7 33. Rxe7
Qf6 34. Rxb7 Rc1+ 35. Kg2 Rxh1 36. Kxh1 Qe6 37. Rc7 a5 38. Rc5 d4 39. Bd5 Qe7
40. Bb3 d3 41. Rd5 Qe4+ 42. f3 Rxd5 43. Bxd5 Qf4 44. Be4 d2 45. Qd5 Be5 46. Kg2
Qg3+ 47. Kf1 Qe1+ 0-1

[Event "11. Lichtenberger Sommer"]
[Site "Berlin"]
[Date "2012.08.18"]
[Round "1.29"]
[White "Jahnz, Fabian"]
[Black "Kapp, Frank"]
[Result "1-0"]
[WhiteElo "2215"]
[BlackElo "1887"]
[PlyCount "55"]
[EventDate "2012.??.??"]
[WhiteTeam "SK König Tegel 1949 e.V."]
[BlackTeam "TSV IFA Chemnitz"]

1. e4 e6 2. d4 d5 3. Nc3 Nf6 4. e5 Nfd7 5. Nce2 c5 6. c3 Nc6 7. f4 cxd4 8. cxd4
Be7 9. Nf3 f6 10. exf6 Nxf6 11. Nc3 Ne4 12. Bd3 Bf6 13. Be3 Nxc3 14. bxc3 O-O
15. Qc2 g6 16. h4 Ne7 17. g4 Bd7 18. h5 Be8 19. Ne5 Bxe5 20. fxe5 Rf3 21. Qe2
Rxe3 22. Qxe3 Qc7 23. Rc1 Rc8 24. Qg5 b5 25. Qf6 Bf7 26. O-O Nc6 27. h6 Kf8 28.
Qg7+ 1-0

[Event "11. Lichtenberger Sommer"]
[Site "Berlin"]
[Date "2012.08.18"]
[Round "1.30"]
[White "Kohlmeyer, Dagobert"]
[Black "Niehaus, Frank"]
[Result "0-1"]
[WhiteElo "1895"]
[BlackElo "2208"]
[PlyCount "38"]
[EventDate "2012.??.??"]
[WhiteTeam "SC Rochade e.V."]
[BlackTeam "SK König Tegel 1949 e.V."]

1. e4 c5 2. Nf3 d6 3. d4 cxd4 4. Nxd4 Nf6 5. Nc3 g6 6. f3 Bg7 7. Be3 O-O 8. Qd2
Nc6 9. O-O-O d5 10. exd5 Nxd5 11. Nxc6 bxc6 12. Nxd5 cxd5 13. Qxd5 Qc7 14. Qc5
Qb7 15. Qb5 Qxb5 16. Bxb5 Rb8 17. Bd3 Rxb2 18. Bxa7 Rxa2 19. Be3 Bc3 0-1

[Event "11. Lichtenberger Sommer"]
[Site "Berlin"]
[Date "2012.08.18"]
[Round "1.32"]
[White "Kretzschmar, Jan"]
[Black "Hermannsdörfer, Frank"]
[Result "0-1"]
[WhiteElo "1839"]
[BlackElo "2242"]
[PlyCount "136"]
[EventDate "2012.??.??"]
[WhiteTeam "SC Kreuzberg e.V."]
[BlackTeam "SV 1861 Liebschwitz"]

1. d4 d6 2. g3 e5 3. Bg2 exd4 4. Qxd4 Nc6 5. Qd1 Be6 6. Nh3 Nf6 7. Nf4 Bf5 8.
Nc3 g6 9. O-O Bg7 10. e4 Bg4 11. f3 Bd7 12. Ncd5 Nxd5 13. Nxd5 O-O 14. c3 Ne5
15. a4 b5 16. a5 Rb8 17. a6 c6 18. Nb4 Qb6+ 19. Kh1 Nc4 20. Re1 Be6 21. f4 Rbd8
22. f5 Bc8 23. Qf3 Ne5 24. Qf1 Ng4 25. Re2 gxf5 26. h3 Nf6 27. Be3 Qc7 28. exf5
d5 29. Bf4 Qb6 30. Re7 Rd7 31. Rae1 Nh5 32. g4 Nxf4 33. Qxf4 Rxe7 34. Rxe7 Bf6
35. Rc7 Re8 36. Rxc6 Qd8 37. Bxd5 Be5 38. Qh6 Bg7 39. Qh5 Qe7 40. Nd3 Bd7 41.
Rc7 Rf8 42. Rxa7 Qd6 43. f6 Bxf6 44. Nc5 Bc6 45. Bxc6 Qxc6+ 46. Kg1 Qf3 47. Rd7
Qe3+ 48. Kf1 Qc1+ 49. Kg2 Qxb2+ 50. Kf1 Qc1+ 51. Kg2 Qc2+ 52. Kf1 Qxc3 53. a7
Qf3+ 54. Kg1 Qg3+ 55. Kf1 Bh4 56. Qf5 Qxh3+ 57. Ke2 Re8+ 58. Ne4 Qg2+ 59. Kd3
Qa2 60. Qxf7+ Qxf7 61. Rxf7 Rd8+ 62. Kc2 Kxf7 63. Nd6+ Ke6 64. Nxb5 Bg3 65.
Nd4+ Kd5 66. Nf5 Bf2 67. Ne7+ Kd6 68. Nf5+ Ke6 0-1